La libertà che cambia /

Đã lưu trong:
Chi tiết về thư mục
Tác giả chính: Dahrendorf, Ralf (Tác giả)
Định dạng: Sách
Ngôn ngữ:Tiếng Italy
Được phát hành: Roma [etc.] : Laterza, 1995
Phiên bản:2. ed
Loạt:Economica Laterza ; 23
Những chủ đề:
Các nhãn: Thêm thẻ
Không có thẻ, Là người đầu tiên thẻ bản ghi này!

MARC

LEADER 00000nam a22000007i 4500
001 IT\ICCU\PUV\0322396
003 ItRI
005 20241224111756.0
008 970609s1995 it |||||| ||||| |||||c
020 |a 8842044636 
020 |a 9788842044635 
040 |b ita  |c ARCIGAY RIMINI 
041 7 |a ita  |2 ISO-639-2 
082 |a 303.4  |2 21 
100 1 |a Dahrendorf, Ralf  |0 IT\ICCU\CFIV\044054  |4 aut 
240 1 0 |a Lebenschancen. -  |9 Dahrendorf, Ralf 
245 1 3 |a La libertà che cambia /  |c Ralf Dahrendorf. 
250 |a 2. ed 
260 |a Roma [etc.] :  |b Laterza,  |c 1995 
300 |a XIII, 228 p. ;  |c 21 cm. 
650 7 |a Società  |x Sec. 20. 
830 0 |a Economica Laterza ;  |v 23  |0 IT\ICCU\TO0\0741782 
942 |2 ddc  |c BK 
952 |0 0  |1 0  |2 ddc  |4 0  |6 303_421000000000000_DAH_LIB  |7 1  |9 2334  |a RN  |b RN  |d 2024-12-24  |l 0  |o 303.421 DAH LIB  |p 9787  |r 2024-12-24 11:18:19  |w 2024-12-24  |y BK 
981 1 |6 z01  |a i   |b xxxe  
982 1 |6 z01  |a n 
999 |c 2039  |d 2039